[Event "Icelandic Team Championship 2021-22 - 1s"]
[Site "Reykjavik"]
[Date "2021.10.02"]
[Round "2.3"]
[White "Sverrisson, Nokkvi"]
[Black "Jonsson, Olafur Gisli"]
[Result "1-0"]
[WhiteElo "2037"]
[BlackElo "1820"]
[PlyCount "93"]
[EventDate "2021.10.01"]
[WhiteTeam "Taflfélag Vestmannaeyja"]
[BlackTeam "Skákdeild KR"]

1. e4 e5 2. Nf3 Nc6 3. d4 exd4 4. Bc4 Nf6 5. e5 d5 6. Bb5 Ne4 7. Nxd4 Bd7 8.
Bxc6 bxc6 9. O-O Bc5 10. f3 Ng5 11. f4 Ne4 12. Be3 Qe7 13. Nd2 Nxd2 14. Qxd2
O-O 15. Nb3 Bb6 16. Qc3 Rad8 17. Rae1 Rfe8 18. Bd4 Bxd4+ 19. Qxd4 Bf5 20. Qc3
Qd7 21. Nd4 Be4 22. Qxc6 Qxc6 23. Nxc6 Rd7 24. Rf2 Re6 25. Nd4 Ra6 26. a3 c5
27. Nb3 Rc7 28. Rd2 h6 29. c4 dxc4 30. Nxc5 Rxc5 31. Rxe4 c3 32. bxc3 Rxc3 33.
a4 Ra3 34. Rdd4 Ra2 35. f5 Rc6 36. Rc4 Rb6 37. Rb4 Rc6 38. Rec4 Ra6 39. h3 Ra5
40. Re4 Rc5 41. e6 fxe6 42. fxe6 Rcc2 43. e7 Rxg2+ 44. Kf1 Raf2+ 45. Ke1 Rh2
46. e8=Q+ Kh7 47. Re2 1-0

[Event "Icelandic Team Championship 2021-22 - 1s"]
[Site "Reykjavik"]
[Date "2021.10.01"]
[Round "1.1"]
[White "Thorsteinsson, Arnar"]
[Black "Olafsson, Thorvardur"]
[Result "1/2-1/2"]
[WhiteElo "2192"]
[BlackElo "2155"]
[PlyCount "38"]
[EventDate "2021.10.01"]
[WhiteTeam "Skákfélag Akureyrar b-sveit"]
[BlackTeam "Taflfélag Reykjavíkur b-sveit"]

1. e4 e5 2. d4 exd4 3. Nf3 Nc6 4. Bc4 Nf6 5. O-O Nxe4 6. Re1 d5 7. Bxd5 Qxd5 8.
Nc3 Qh5 9. Nxe4 Be6 10. Bg5 Bd6 11. Nxd6+ cxd6 12. Bf4 Qd5 13. c3 O-O 14. Nxd4
Nxd4 15. Qxd4 Qxd4 16. cxd4 d5 17. Rac1 Rac8 18. Rxc8 Rxc8 19. Rc1 Rxc1+
1/2-1/2

[Event "Icelandic Team Championship 2021-22 - 1s"]
[Site "Reykjavik"]
[Date "2021.10.02"]
[Round "2.2"]
[White "Sigurmundsson, Ingimundur"]
[Black "Maggason, Oskar"]
[Result "1-0"]
[WhiteElo "1879"]
[BlackElo "1785"]
[PlyCount "40"]
[EventDate "2021.10.01"]
[WhiteTeam "Skákfélag Selfoss og nágrennis"]
[BlackTeam "Taflfélag Garðabæjar c-sveit"]

1. e4 e5 2. Nf3 Nc6 3. Bb5 Bc5 4. c3 Nge7 5. O-O d6 6. d4 exd4 7. cxd4 Bb4 8.
a3 Ba5 9. b4 Bb6 10. d5 Bg4 11. Bg5 f6 12. Bf4 O-O 13. dxc6 bxc6 14. Ba4 Ng6
15. Bg3 f5 16. exf5 Rxf5 17. Bxc6 Qf8 18. Bxa8 Qxa8 19. Nbd2 Bd4 20. Rc1 Qd8
1-0

[Event "Icelandic Team Championship 2021-22 - 1s"]
[Site "Reykjavik"]
[Date "2021.10.01"]
[Round "1.4"]
[White "Magnusson, Thorlakur"]
[Black "Thorsteinsdottir, Gudlaug"]
[Result "0-1"]
[WhiteElo "1813"]
[BlackElo "1978"]
[PlyCount "83"]
[EventDate "2021.10.01"]
[WhiteTeam "Taflfélag Garðabæjar c-sveit"]
[BlackTeam "Taflfélag Garðabæjar b-sveit"]

1. e4 e5 2. Nf3 Nc6 3. Bb5 a6 4. Ba4 Nf6 5. O-O b5 6. Bb3 Be7 7. Re1 d6 8. h3
Na5 9. c3 Nxb3 10. Qxb3 O-O 11. d3 c5 12. Nbd2 Be6 13. Qd1 Nd7 14. Nf1 f5 15.
Ne3 f4 16. Nd5 Bxd5 17. exd5 Nb6 18. d4 exd4 19. Qe2 Ra7 20. cxd4 c4 21. Qe6+
Kh8 22. Bd2 Qa8 23. Re4 Qxd5 24. Rae1 Qxe6 25. Rxe6 Nd5 26. Ba5 Kg8 27. a4 Rc8
28. Nd2 Kf7 29. R6e2 Rb7 30. Ne4 f3 31. gxf3 Nf4 32. Re3 Nxh3+ 33. Kh2 Nf4 34.
axb5 Rxb5 35. Nc3 Rb7 36. Na4 Bf6 37. Bc3 Rb5 38. Re4 Nd3 39. R1e2 Bg5 40. Bd2
Bf6 41. Bc3 Rcb8 42. Re6 0-1

[Event "Icelandic Team Championship 2021-22 - 1s"]
[Site "Reykjavik"]
[Date "2021.10.02"]
[Round "3.3"]
[White "Hallsson, Jon Eggert"]
[Black "Bergthorsson, Jon Thor"]
[Result "1-0"]
[WhiteElo "1681"]
[BlackElo "2155"]
[PlyCount "87"]
[EventDate "2021.10.01"]
[WhiteTeam "Taflfélag Garðabæjar c-sveit"]
[BlackTeam "Skákdeild KR"]

1. d4 d5 2. Bf4 Nf6 3. e3 c5 4. c3 Nc6 5. Nd2 e6 6. Bd3 Bd6 7. Bg3 e5 8. Ne2
O-O 9. O-O e4 10. Bc2 Bxg3 11. Nxg3 cxd4 12. exd4 Re8 13. f3 e3 14. Nb3 b6 15.
Qd3 a5 16. Rae1 Ba6 17. Qf5 Ne7 18. Qg5 Bxf1 19. Nxf1 e2 20. Ng3 h6 21. Qd2 Ng6
22. Nc1 b5 23. Nd3 Qc7 24. Nxe2 Re7 25. f4 Ne4 26. Qc1 Rc8 27. Ne5 Nxe5 28.
fxe5 Qa7 29. Qf4 Ng5 30. Qg4 Rd8 31. Nf4 b4 32. h4 Nh7 33. Nh5 f6 34. e6 Kh8
35. Re3 Nf8 36. Nf4 g5 37. Nh5 Qb6 38. Bf5 bxc3 39. bxc3 Qd6 40. g3 Rb8 41.
Nxf6 Qa3 42. Re2 Qxc3 43. Nxd5 Qc1+ 44. Kf2 1-0

[Event "Icelandic Team Championship 2021-22 - 1s"]
[Site "Reykjavik"]
[Date "2021.10.01"]
[Round "1.4"]
[White "Hallsson, Jon Eggert"]
[Black "Ragnarsson, Johann"]
[Result "1/2-1/2"]
[WhiteElo "1681"]
[BlackElo "1929"]
[PlyCount "142"]
[EventDate "2021.10.01"]
[WhiteTeam "Taflfélag Garðabæjar c-sveit"]
[BlackTeam "Taflfélag Garðabæjar b-sveit"]

1. d4 d5 2. Bf4 Nf6 3. e3 c5 4. c3 Nc6 5. Bd3 Qb6 6. Qb3 c4 7. Qxb6 axb6 8. Bc2
b5 9. Na3 b4 10. Nb5 Ra5 11. a4 e6 12. Bc7 Ra6 13. a5 Kd7 14. Nf3 Ne8 15. Bb6
b3 16. Bb1 f6 17. e4 Nxa5 18. Rxa5 Rxb6 19. exd5 Ra6 20. dxe6+ Kxe6 21. d5+ Kf7
22. Rxa6 bxa6 23. Na7 Bb7 24. Nc6 Bxc6 25. dxc6 Bc5 26. Nd4 Nd6 27. Nf5 Rc8 28.
h4 g6 29. Nxd6+ Bxd6 30. h5 Kg7 31. Rh4 Rxc6 32. hxg6 hxg6 33. Rg4 g5 34. Rd4
Bf4 35. Rd7+ Kf8 36. Kd1 Rc5 37. g3 Ke8 38. Rd4 Be5 39. Rd2 a5 40. Be4 a4 41.
Rd5 Rc7 42. Ra5 Ke7 43. Rxa4 Ke6 44. Ra6+ Bd6 45. Rc6 Ra7 46. Rxc4 Ra1+ 47. Kd2
f5 48. Bd3 f4 49. Re4+ Kf6 50. Bc4 Rb1 51. Re6+ Kf5 52. Rxd6 Rxb2+ 53. Ke1 fxg3
54. fxg3 Kg4 55. Rb6 Rc2 56. Rxb3 Kxg3 57. Be2 Rc1+ 58. Kd2 Ra1 59. c4+ Kf4 60.
Rc3 g4 61. Bxg4 Kxg4 62. Re3 Kf4 63. Re8 Ra3 64. Kc2 Kf5 65. Kb2 Rh3 66. c5 Kf6
67. c6 Rh7 68. Rc8 Ke6 69. Kb3 Kd6 70. Kb4 Rh5 71. Kc4 Rg5 1/2-1/2

[Event "Icelandic Team Championship 2021-22 - 1s"]
[Site "Reykjavik"]
[Date "2021.10.03"]
[Round "4.2"]
[White "Ragnarsson, Johann"]
[Black "Jonsson, Olafur Gisli"]
[Result "1-0"]
[WhiteElo "1929"]
[BlackElo "1820"]
[PlyCount "119"]
[EventDate "2021.10.01"]
[WhiteTeam "Taflfélag Garðabæjar b-sveit"]
[BlackTeam "Skákdeild KR"]

1. d4 d5 2. c4 c6 3. cxd5 cxd5 4. Bf4 Nc6 5. Nc3 a6 6. Rc1 Nf6 7. e3 g6 8. Bd3
Bg7 9. h3 O-O 10. Nf3 Bd7 11. O-O Rc8 12. Na4 Nb4 13. Rxc8 Qxc8 14. Bb1 Bxa4
15. Qxa4 Nc6 16. Rc1 Qd7 17. Bd3 Nb8 18. Qxd7 Nfxd7 19. Rc7 b5 20. Nd2 e5 21.
dxe5 Bxe5 22. Bxe5 Nxe5 23. Be2 Nc4 24. Nxc4 dxc4 25. a4 Rd8 26. axb5 axb5 27.
Rb7 Nd7 28. Rxb5 Rc8 29. Bg4 Rc7 30. Kf1 Nf6 31. Bd1 c3 32. bxc3 Rxc3 33. Rb7
Rd3 34. Ba4 Rd8 35. Ke2 Ne4 36. Bc6 Nc5 37. Ra7 Kg7 38. e4 Ne6 39. Ke3 Kf6 40.
Bd5 Rc8 41. f4 Rc3+ 42. Kd2 Rc7 43. Ra6 Ke7 44. Bxe6 fxe6 45. g4 Rb7 46. Ke3
Rb3+ 47. Kd4 Rxh3 48. Ke5 h5 49. Ra7+ Kd8 50. g5 Rb3 51. Kxe6 Rb4 52. Ke5 Rb5+
53. Kf6 Rb6+ 54. Kf7 Rb4 55. Kxg6 Rxe4 56. f5 h4 57. f6 Rf4 58. Rh7 Ke8 59.
Rh8+ Kd7 60. Kf7 1-0

[Event "Icelandic Team Championship 2021-22 - 1s"]
[Site "Reykjavik"]
[Date "2021.10.02"]
[Round "3.1"]
[White "Runarsson, Gunnar"]
[Black "Olafsson, Thorvardur"]
[Result "1/2-1/2"]
[WhiteElo "1930"]
[BlackElo "2155"]
[PlyCount "28"]
[EventDate "2021.10.01"]
[WhiteTeam "Víkingaklúbburinn b-sveit"]
[BlackTeam "Taflfélag Reykjavíkur b-sveit"]

1. d4 Nf6 2. Nc3 d5 3. Bf4 e6 4. e3 Bd6 5. Bg3 c5 6. Nf3 Nc6 7. Be2 a6 8. O-O
O-O 9. Ne5 Qc7 10. Nxc6 Qxc6 11. Bxd6 Qxd6 12. dxc5 Qxc5 13. Qd4 Qxd4 14. exd4
b5 1/2-1/2

[Event "Icelandic Team Championship 2021-22 - 1s"]
[Site "Reykjavik"]
[Date "2021.10.03"]
[Round "4.3"]
[White "Saemundsson, Bjarni"]
[Black "Bjorgvinsson, Andri Freyr"]
[Result "0-1"]
[WhiteElo "1834"]
[BlackElo "2084"]
[PlyCount "42"]
[EventDate "2021.10.01"]
[WhiteTeam "Taflfélag Garðabæjar c-sveit"]
[BlackTeam "Skákfélag Akureyrar b-sveit"]

1. d4 Nf6 2. Nc3 d5 3. Bg5 c6 4. Qd3 Nbd7 5. e4 dxe4 6. Nxe4 e6 7. O-O-O Be7 8.
Qe3 Qa5 9. Nxf6+ gxf6 10. Bh6 Qxa2 11. Rd3 Qa1+ 12. Kd2 Qxf1 13. Qg3 Bf8 14.
Bf4 Nb6 15. Qf3 Qa1 16. b3 Nd5 17. g4 Bb4+ 18. c3 Qb2+ 19. Ke1 Bxc3+ 20. Kf1
Nxf4 21. Rxc3 Qb1+ 0-1

[Event "Icelandic Team Championship 2021-22 - 1s"]
[Site "Reykjavik"]
[Date "2021.10.01"]
[Round "1.2"]
[White "Ingason, Sigurdur"]
[Black "Bergthorsson, Jon Thor"]
[Result "0-1"]
[WhiteElo "1782"]
[BlackElo "2155"]
[PlyCount "88"]
[EventDate "2021.10.01"]
[WhiteTeam "Víkingaklúbburinn b-sveit"]
[BlackTeam "Skákdeild KR"]

1. d4 d5 2. c4 e6 3. Nc3 Be7 4. cxd5 exd5 5. Bf4 c6 6. e3 Nf6 7. h3 Bf5 8. Nf3
O-O 9. Be2 Nbd7 10. O-O Re8 11. Rc1 Nf8 12. a3 Ng6 13. Bg3 Bd6 14. Bxd6 Qxd6
15. Nh2 Re7 16. Ng4 Rae8 17. Nxf6+ Qxf6 18. Bg4 Be4 19. Nxe4 Rxe4 20. g3 Qd6
21. Qf3 Nf8 22. Bf5 R4e7 23. Bd3 g6 24. Kg2 f5 25. Qf4 Qf6 26. Qf3 Ne6 27. h4
Rf8 28. Rh1 Ng7 29. Rcf1 Nh5 30. Qd1 Qd6 31. Be2 Nf6 32. Bf3 h5 33. Qc2 Kg7 34.
b4 a6 35. Qc5 Qe6 36. Qc2 Ne8 37. Qc3 Nd6 38. Qc2 Nc4 39. Be2 Nxa3 40. Qb3 Nb5
41. Bd3 Nd6 42. Re1 Qf6 43. Qd1 Ne4 44. Qf3 Qd6 0-1

[Event "Icelandic Team Championship 2021-22 - 1s"]
[Site "Reykjavik"]
[Date "2021.10.03"]
[Round "4.1"]
[White "Sigurmundsson, Ulfhedinn"]
[Black "Maack, Kjartan"]
[Result "0-1"]
[WhiteElo "1855"]
[BlackElo "2070"]
[PlyCount "72"]
[EventDate "2021.10.01"]
[WhiteTeam "Skákfélag Selfoss og nágrennis"]
[BlackTeam "Taflfélag Reykjavíkur b-sveit"]

1. Nf3 d5 2. g3 Nf6 3. d4 Bf5 4. Bg2 e6 5. O-O h6 6. b3 Bd6 7. Bb2 O-O 8. Nbd2
Bh7 9. Re1 Nbd7 10. Ne5 Ne4 11. f3 Nxd2 12. Qxd2 Nxe5 13. dxe5 Bc5+ 14. Kh1 Qe7
15. Rac1 Rfd8 16. e3 a5 17. a4 Bb6 18. Qe2 c5 19. Red1 Rac8 20. c4 d4 21. exd4
cxd4 22. f4 d3 23. Qe1 Bg6 24. Bf3 Qc5 25. h3 Rd7 26. Be4 Bxe4+ 27. Qxe4 Qf2
28. Qg2 d2 29. Rb1 Qe3 30. Ba3 Rd3 31. c5 Bxc5 32. Bxc5 Rxc5 33. Kh2 Rc1 34.
Qg1 Qxg1+ 35. Rxg1 Rxb1 36. Rxb1 d1=Q 0-1

[Event "Icelandic Team Championship 2021-22 - 1s"]
[Site "Reykjavik"]
[Date "2021.10.01"]
[Round "1.2"]
[White "Haraldsson, Sigurjon"]
[Black "Stefansson, Bjorn Gretar"]
[Result "1-0"]
[WhiteElo "1841"]
[BlackElo "1687"]
[PlyCount "67"]
[EventDate "2021.10.01"]
[WhiteTeam "Skákdeild KR"]
[BlackTeam "Víkingaklúbburinn b-sveit"]

1. d4 d5 2. c4 Nf6 3. cxd5 Qxd5 4. Nc3 Qd8 5. e4 e6 6. Nf3 Be7 7. Bd3 Nc6 8.
O-O O-O 9. Ne2 Nb4 10. Bb1 b6 11. a3 Na6 12. h3 Bb7 13. Ng3 c5 14. Be3 cxd4 15.
Bxd4 Bc5 16. Bxf6 Qxf6 17. Qc2 e5 18. Ba2 Rac8 19. Nf5 Bxa3 20. Qe2 Bc5 21. Bc4
Nb4 22. g4 a5 23. Kh2 Qc6 24. Rae1 Rfe8 25. Bb5 Qc7 26. Bxe8 Rxe8 27. Rg1 Ba6
28. Qd2 Rd8 29. Qc3 Nd3 30. Rd1 f6 31. g5 Nxf2 32. gxf6 g6 33. Qb3+ Kf8 34. Nh6
1-0

[Event "Icelandic Team Championship 2021-22 - 1s"]
[Site "Reykjavik"]
[Date "2021.10.02"]
[Round "3.2"]
[White "Thorsteinsson, Thorsteinn"]
[Black "Bjorgvinsson, Andri Freyr"]
[Result "1/2-1/2"]
[WhiteElo "2259"]
[BlackElo "2084"]
[PlyCount "35"]
[EventDate "2021.10.01"]
[WhiteTeam "Taflfélag Vestmannaeyja"]
[BlackTeam "Skákfélag Akureyrar b-sveit"]

1. c4 c6 2. Nf3 Nf6 3. d4 d5 4. Qc2 g6 5. Bf4 Bg7 6. h3 O-O 7. e3 Bf5 8. Bd3
Bxd3 9. Qxd3 dxc4 10. Qxc4 Nd5 11. Bh2 Qa5+ 12. Nc3 Nd7 13. O-O N5b6 14. Qe2 e5
15. Nxe5 Nxe5 16. Bxe5 Bxe5 17. dxe5 Qxe5 18. Rfd1 1/2-1/2

[Event "Icelandic Team Championship 2021-22 - 1s"]
[Site "Reykjavik"]
[Date "2021.10.02"]
[Round "2.4"]
[White "Sigurbjornsson, Sigurjon"]
[Black "Stefansson, Bjorn Gretar"]
[Result "1-0"]
[WhiteElo "1954"]
[BlackElo "1687"]
[PlyCount "83"]
[EventDate "2021.10.01"]
[WhiteTeam "Skákfélag Akureyrar b-sveit"]
[BlackTeam "Víkingaklúbburinn b-sveit"]

1. d4 d5 2. c4 c6 3. cxd5 cxd5 4. Nf3 Nf6 5. Nc3 Bf5 6. Qb3 b6 7. Bg5 e6 8. e3
a6 9. Qa4+ b5 10. Bxb5+ axb5 11. Qxa8 Bb4 12. O-O Bxc3 13. bxc3 O-O 14. a4 bxa4
15. Ne5 Qc7 16. Qxa4 Ne4 17. Bf4 Nxc3 18. Qa7 Qd8 19. Rfe1 f6 20. Nf3 Nd7 21.
Nd2 e5 22. Bg3 Bd3 23. Qb7 Ne2+ 24. Kh1 Nxg3+ 25. hxg3 Bg6 26. Ra7 Be8 27.
Qxd5+ Kh8 28. Rb1 Qc8 29. Ra8 Qxa8 30. Qxa8 Bg6 31. Qa1 Bxb1 32. Qxb1 exd4 33.
exd4 g6 34. Qb7 Rf7 35. Ne4 Kg7 36. Qc6 f5 37. Nc5 Nf6 38. f3 Re7 39. d5 Re1+
40. Kh2 Nh5 41. Ne6+ Kf7 42. Qc7+ 1-0

[Event "Icelandic Team Championship 2021-22 - 1s"]
[Site "Reykjavik"]
[Date "2021.10.02"]
[Round "2.3"]
[White "Bergthorsson, Jon Thor"]
[Black "Bjornsson, Sverrir Orn"]
[Result "1/2-1/2"]
[WhiteElo "2155"]
[BlackElo "2135"]
[PlyCount "56"]
[EventDate "2021.10.01"]
[WhiteTeam "Skákdeild KR"]
[BlackTeam "Taflfélag Vestmannaeyja"]

1. d4 Nf6 2. c4 e6 3. Nf3 c5 4. e3 cxd4 5. Nxd4 Be7 6. Nc3 O-O 7. Bd3 Nc6 8.
Nxc6 bxc6 9. O-O d5 10. b3 Ba6 11. cxd5 Bxd3 12. Qxd3 cxd5 13. Bb2 Rb8 14. Rfd1
Qa5 15. Na4 Rfc8 16. Be5 Ra8 17. h3 Rc6 18. Rac1 Rac8 19. Rxc6 Rxc6 20. f3 h6
21. Bg3 Nd7 22. Bf2 Nc5 23. Qc2 Bd6 24. e4 Rc7 25. Nxc5 Bxc5 26. exd5 exd5 27.
Bxc5 Rxc5 28. Qf2 Qc7 1/2-1/2

[Event "Icelandic Team Championship 2021-22 - 1s"]
[Site "Reykjavik"]
[Date "2021.10.03"]
[Round "4.3"]
[White "Maggason, Oskar"]
[Black "Haraldsson, Haraldur"]
[Result "0-1"]
[WhiteElo "1785"]
[BlackElo "1896"]
[PlyCount "80"]
[EventDate "2021.10.01"]
[WhiteTeam "Taflfélag Garðabæjar c-sveit"]
[BlackTeam "Skákfélag Akureyrar b-sveit"]

1. d4 Nf6 2. c4 e6 3. Nf3 d5 4. Nc3 Be7 5. e3 O-O 6. Bd3 c5 7. O-O Nc6 8. a3 b6
9. dxc5 bxc5 10. Qe2 Bb7 11. Rd1 Qd7 12. e4 Nd4 13. Qe1 Nxf3+ 14. gxf3 d4 15.
Ne2 e5 16. Ng3 Rfe8 17. Nf5 Bf8 18. Qf1 g6 19. Qg2 Kh8 20. Nh6 Nh5 21. Qg4 Qc7
22. Qg2 a5 23. Ng4 Bc6 24. Bg5 Bg7 25. Qh3 f6 26. Bh6 Rab8 27. Rab1 a4 28. Qh4
Rf8 29. Kh1 Rb3 30. Bxg7+ Qxg7 31. Bf1 Rfb8 32. Rd2 Rxf3 33. Re1 f5 34. Bg2 Rf4
35. exf5 Bxg2+ 36. Kxg2 Rxf5 37. Re4 Nf4+ 38. Kg1 h5 39. Nxe5 g5 40. Qg3 Rxe5
0-1

[Event "Icelandic Team Championship 2021-22 - 1s"]
[Site "Reykjavik"]
[Date "2021.10.03"]
[Round "4.4"]
[White "Fridbertsson, Aegir"]
[Black "Geirsson, Kristjan"]
[Result "1-0"]
[WhiteElo "2077"]
[BlackElo "1728"]
[PlyCount "55"]
[EventDate "2021.10.01"]
[WhiteTeam "Taflfélag Vestmannaeyja"]
[BlackTeam "Víkingaklúbburinn b-sveit"]

1. d4 Nf6 2. c4 e6 3. Nf3 d5 4. e3 c6 5. Bd3 dxc4 6. Bxc4 b5 7. Bd3 Bb7 8. O-O
Nbd7 9. Nc3 a6 10. e4 c5 11. e5 Nd5 12. Ne4 c4 13. Bc2 h6 14. Be3 N7b6 15. Rc1
Be7 16. Nfd2 Nxe3 17. fxe3 O-O 18. Qh5 Nd5 19. Rf3 Bg5 20. Re1 f5 21. exf6 Nxf6
22. Qg6 Rf7 23. g3 Qf8 24. Ref1 Nxe4 25. Rxf7 Bxe3+ 26. Kg2 Nxd2+ 27. Kh3 Nxf1
28. Rxb7 1-0

[Event "Icelandic Team Championship 2021-22 - 1s"]
[Site "Reykjavik"]
[Date "2021.10.03"]
[Round "4.2"]
[White "Gunnarsson, Gunnar K"]
[Black "Moller, Baldur Helgi"]
[Result "1-0"]
[WhiteElo "2007"]
[BlackElo "1986"]
[PlyCount "95"]
[EventDate "2021.10.01"]
[WhiteTeam "Skákdeild KR"]
[BlackTeam "Taflfélag Garðabæjar b-sveit"]

1. c4 e6 2. d4 d5 3. Nf3 Nf6 4. Bg5 Be7 5. e3 c6 6. Nc3 Nbd7 7. Bd3 dxc4 8.
Bxc4 b5 9. Bd3 a6 10. Qc2 Bb7 11. Rd1 Qb6 12. Ne5 h6 13. Nxd7 Nxd7 14. Bxe7
Kxe7 15. O-O c5 16. Be4 Rac8 17. d5 Rhd8 18. dxe6 fxe6 19. Bxb7 Qxb7 20. Qg6
Rg8 21. Qd3 Nf6 22. e4 Rgd8 23. Qg3 g5 24. e5 Nh5 25. Qe3 Nf4 26. f3 Rxd1 27.
Rxd1 Qc7 28. Qe4 Kf8 29. g3 Nh3+ 30. Kg2 g4 31. fxg4 Ng5 32. Qf4+ Kg8 33. Qf6
Qb7+ 34. Kf2 Rf8 35. Rd8 Rxd8 36. Qxd8+ Kh7 37. Qd3+ Kg7 38. h4 Nf7 39. Qe3 Qh1
40. Ne2 Qh2+ 41. Kf3 Qh1+ 42. Kf4 Ng5 43. Qd3 Qf1+ 44. Ke3 Qf3+ 45. Kd2 Ne4+
46. Kc2 Qxg4 47. Qd7+ Kg6 48. Nf4+ 1-0

[Event "Icelandic Team Championship 2021-22 - 1s"]
[Site "Reykjavik"]
[Date "2021.10.02"]
[Round "2.2"]
[White "Thorsson, Bjarnsteinn"]
[Black "Sigurmundsson, Ulfhedinn"]
[Result "0-1"]
[WhiteElo "1638"]
[BlackElo "1855"]
[PlyCount "46"]
[EventDate "2021.10.01"]
[WhiteTeam "Taflfélag Garðabæjar c-sveit"]
[BlackTeam "Skákfélag Selfoss og nágrennis"]

1. c4 c5 2. g3 Nc6 3. Bg2 g6 4. Nf3 Bg7 5. e3 Nf6 6. O-O d5 7. d4 cxd4 8. Nxd4
O-O 9. cxd5 Nxd5 10. Nxc6 bxc6 11. Qe2 Qb6 12. Rd1 Rb8 13. Na3 Ba6 14. Qe1 Nb4
15. Bf1 Rfd8 16. Bxa6 Qxa6 17. Rxd8+ Rxd8 18. Qxb4 Rd1+ 19. Kg2 Qf1+ 20. Kf3
Qh1+ 21. Kg4 f5+ 22. Kf4 Bh6+ 23. Ke5 Qd5# 0-1

[Event "Icelandic Team Championship 2021-22 - 1s"]
[Site "Reykjavik"]
[Date "2021.10.02"]
[Round "2.3"]
[White "Thorsteinsson, Aron Ellert"]
[Black "Haraldsson, Sigurjon"]
[Result "0-1"]
[WhiteElo "1814"]
[BlackElo "1841"]
[PlyCount "96"]
[EventDate "2021.10.01"]
[WhiteTeam "Taflfélag Vestmannaeyja"]
[BlackTeam "Skákdeild KR"]

1. d4 Nf6 2. c4 g6 3. Nc3 d5 4. cxd5 Nxd5 5. e4 Nxc3 6. bxc3 Bg7 7. Ba3 O-O 8.
Bc4 Nd7 9. Nf3 c5 10. O-O Qa5 11. Qb3 b5 12. Bd5 Rb8 13. dxc5 Qc7 14. Ng5 Qf4
15. Bc1 Qf6 16. e5 Nxe5 17. f4 Nd3 18. Ne4 Qa6 19. Ng5 e6 20. Bf3 Nxc5 21. Qc2
Qa4 22. Rf2 e5 23. Be3 Bf5 24. Qxa4 Nxa4 25. Bxa7 Rbc8 26. Be4 Bxe4 27. Nxe4
Rc7 28. Be3 Rc4 29. Nd6 Rxc3 30. Bd2 Rd3 31. Nxb5 exf4 32. Rc1 g5 33. h4 h6 34.
Rc4 Nb2 35. Rc5 Rfd8 36. Bb4 R3d5 37. Rfc2 Nd3 38. Rxd5 Rxd5 39. Rc8+ Kh7 40.
Nc3 Re5 41. hxg5 hxg5 42. Bd6 Re1+ 43. Kh2 Rc1 44. Bf8 Be5 45. Re8 Rxc3 46. a4
Rc1 47. Kh3 Nf2+ 48. Kh2 Rh1# 0-1

[Event "Icelandic Team Championship 2021-22 - 1s"]
[Site "Reykjavik"]
[Date "2021.10.02"]
[Round "3.1"]
[White "Birkisson, Bjorn Holm"]
[Black "Geirsson, Kristjan"]
[Result "1-0"]
[WhiteElo "2047"]
[BlackElo "1728"]
[PlyCount "43"]
[EventDate "2021.10.01"]
[WhiteTeam "Taflfélag Reykjavíkur b-sveit"]
[BlackTeam "Víkingaklúbburinn b-sveit"]

1. d4 Nf6 2. c4 e6 3. g3 d5 4. Bg2 c6 5. Nf3 dxc4 6. O-O b5 7. Bg5 Be7 8. b3
cxb3 9. Qxb3 Bb7 10. a4 a6 11. Rc1 O-O 12. Nc3 Nbd7 13. e4 Qb6 14. e5 h6 15.
exf6 Nxf6 16. Be3 Nd5 17. Nxd5 exd5 18. Ne5 Rfc8 19. Bh3 Rd8 20. Bd7 f6 21.
Be6+ Kf8 22. Qb1 1-0

[Event "Icelandic Team Championship 2021-22 - 1s"]
[Site "Reykjavik"]
[Date "2021.10.01"]
[Round "1.1"]
[White "Birkisson, Bjorn Holm"]
[Black "Gunnhallsson, Arngrimur"]
[Result "1-0"]
[WhiteElo "2047"]
[BlackElo "2129"]
[PlyCount "47"]
[EventDate "2021.10.01"]
[WhiteTeam "Taflfélag Reykjavíkur b-sveit"]
[BlackTeam "Skákfélag Akureyrar b-sveit"]

1. d4 Nf6 2. c4 e6 3. g3 Bb4+ 4. Bd2 Qe7 5. Bg2 O-O 6. a3 Bxd2+ 7. Nxd2 Nc6 8.
Ngf3 a5 9. O-O d5 10. Qc2 Rd8 11. Rad1 e5 12. dxe5 Nxe5 13. Nxe5 Qxe5 14. cxd5
Qxe2 15. Rfe1 Qb5 16. Ne4 Ne8 17. Ng5 g6 18. Re7 Bf5 19. Qc3 Nd6 20. Qf6 Rf8
21. Nxh7 Kxh7 22. Rd4 g5 23. Qxg5 Bg6 24. Qe5 1-0

[Event "Icelandic Team Championship 2021-22 - 1s"]
[Site "Reykjavik"]
[Date "2021.10.01"]
[Round "1.1"]
[White "Loftsson, Hrafn"]
[Black "Karlsson, Mikael Johann"]
[Result "0-1"]
[WhiteElo "2158"]
[BlackElo "2082"]
[PlyCount "134"]
[EventDate "2021.10.01"]
[WhiteTeam "Taflfélag Reykjavíkur b-sveit"]
[BlackTeam "Skákfélag Akureyrar b-sveit"]

1. d4 Nf6 2. Nf3 e6 3. c4 b6 4. g3 Bb7 5. Bg2 c5 6. d5 exd5 7. Nh4 g6 8. Nc3
Bg7 9. cxd5 O-O 10. O-O d6 11. e4 Na6 12. Re1 Re8 13. Bg5 Qd7 14. Bf1 Nc7 15.
a4 a6 16. Qf3 Qg4 17. Bf4 Rad8 18. Qxg4 Nxg4 19. Nf3 h6 20. h3 Nf6 21. Nd2 Nh5
22. Be3 f5 23. Nc4 fxe4 24. Nxb6 g5 25. Rad1 Nf6 26. Bg2 Re5 27. Nc4 Ree8 28.
Nb6 Nd7 29. Nxd7 Rxd7 30. Nxe4 Nxd5 31. Rxd5 Bxd5 32. Nf6+ Bxf6 33. Bxd5+ Kg7
34. Bc6 Rxe3 35. fxe3 Rc7 36. Bd5 Bxb2 37. Rb1 Be5 38. Kf2 c4 39. Rb7 Rxb7 40.
Bxb7 c3 41. Be4 d5 42. Bc2 Kf6 43. g4 Ke6 44. Ke2 Kd6 45. Bd3 a5 46. Bb5 Bg3
47. Kd3 Be1 48. Be8 Ke5 49. Bc6 Bd2 50. Bb7 Kd6 51. Bc8 Kc5 52. Bb7 Be1 53. Kc2
d4 54. exd4+ Kxd4 55. Kd1 Ke3 56. Ba6 Bd2 57. Bc4 Kf2 58. Bf7 Kg3 59. Bh5 Kxh3
60. Kc2 Kg3 61. Kd3 Kf3 62. Kc2 Ke4 63. Bg6+ Kd4 64. Kb3 Be3 65. Kc2 Kc4 66.
Bf7+ Kb4 67. Be8 Bf4 0-1

[Event "Icelandic Team Championship 2021-22 - 1s"]
[Site "Reykjavik"]
[Date "2021.10.01"]
[Round "1.2"]
[White "Palsson, Halldor"]
[Black "Hansen, Soren Bech"]
[Result "0-1"]
[WhiteElo "1978"]
[BlackElo "2296"]
[PlyCount "117"]
[EventDate "2021.10.01"]
[WhiteTeam "Víkingaklúbburinn b-sveit"]
[BlackTeam "Skákdeild KR"]

1. d4 Nf6 2. c4 e6 3. Nc3 Bb4 4. Bd2 O-O 5. a3 Bxc3 6. Bxc3 Ne4 7. Qd3 Nxc3 8.
Qxc3 d6 9. g3 Qf6 10. Nf3 Nc6 11. Bg2 a5 12. O-O a4 13. Rfd1 Re8 14. e3 e5 15.
dxe5 Nxe5 16. Nxe5 Rxe5 17. Rd5 c6 18. Rd4 c5 19. Rd2 Qe7 20. Re1 Qc7 21. Red1
Re6 22. Bh3 Rf6 23. Bxc8 Rxc8 24. Rd5 Qb6 25. R1d2 Re6 26. Qc2 Qa6 27. Qd3 g6
28. h4 h5 29. Kg2 Rce8 30. Rc2 Rb8 31. Rd2 Rbe8 32. Rc2 R8e7 33. Re2 Re4 34.
Rxd6 Qxc4 35. Qxc4 Rxc4 36. Rb6 Rd7 37. Kf3 Kf8 38. e4 Ke7 39. Kf4 Kd8 40. Kg5
Kc7 41. Rf6 b5 42. f4 b4 43. Ra6 b3 44. e5 Rc2 45. Re3 Rxb2 46. Rxa4 Kb6 47.
Rc4 Rd4 48. Rcc3 c4 49. Kf6 Rb1 50. Kxf7 b2 51. e6 Rc1 52. Rb3+ cxb3 53. Rxb3+
Ka6 54. Rxb2 Rc6 55. Rb8 Rd3 56. Re8 Rxg3 57. Rg8 Rg4 58. Rxg6 Rxf4+ 59. Kg7
0-1